00929nam a2200289Ia 450000500170000000800370001702000150005404100080006908200180007710000230009524501030011825000180022130000630023949000160030265000230031865000230034165000330036465000330039770000310043094200120046126400280047333600270050133700330052833800280056104000350058999900150062420220317001903.0170410s2002 s a g 000 0 s a8430535756 aspa04a631.583bA52c1 aAndrés, Fabienne10aCómo cultivar plantas en tu propio invernaderocFabienne Andrés ; traducido por Teresa López a1a. edición a95 páginasbilustraciones, fotografías en colorc21 cm aTu Jardín142LEMBaInvernaderos142LEMBaJardinería142LEMBaPlantas de invernadero142LEMBaCultivo en invernadero1 aLópez, Ma. Teresa978393 2ddccBK aMadridbSusaetac[2002] atextobtxt2rdacontent asin mediaciónbn2rdamedia avolumenbnc2rdacarrier aCO-BoRNBPbspaerdacCO-BoRNBP c8421d8421